Movie Quiz! #1 - Statistics

General Stats
  • This quiz has been taken 66 times
  • The average score is 19 of 20
Answer Stats
Picture Answer % Correct
Shrek
100%
Avatar
98%
Batman
98%
Harry Potter
98%
Jurassic Park
98%
Spiderman
98%
Star Wars
98%
Superman
98%
Titanic
98%
Frozen
96%
Minions
96%
The Lion King
96%
Snow White
95%
Toy Story
95%
The Incredibles
93%
Avengers
91%
E.T
91%
Lord Of The Rings
89%
Inside Out
82%
Jurassic World
79%
No matching quizzes found
Score Distribution
Percent of People with Each Score
Percentile by Number Answered
Your Score History
You have not taken this quiz